[Event "36th Olympiad w"]
[Site "Calvia ESP"]
[Date "2004.10.26"]
[Round "11"]
[White "Chang,S"]
[Black "Lomibao,S"]
[Result "1-0"]
[WhiteElo "2095"]
[BlackElo "2089"]
[EventDate "2004.10.15"]

1. e4 e5 2. Nf3 Nc6 3. Bb5 a6 4. Ba4 Nf6 5. O-O Be7 6. d4 b5 7. dxe5 Nxe4
8. Bb3 O-O 9. a4 bxa4 10. Bd5 Nc5 11. Nc3 Bb7 12. Nxa4 Rb8 13. b3 Ne6 14.
Be3 Re8 15. Nb2 Bf8 16. Nc4 d6 17. exd6 Bxd6 18. Nxd6 Qxd6 19. Bc4 Qxd1 20.
Rfxd1 Nb4 21. Rd2 Bxf3 22. gxf3 Rbd8 23. c3 Rxd2 24. Bxd2 Rd8 25. Be3 Nc2
26. Ra3 Nxe3 27. fxe3 Ng5 28. Kf2 h6 29. h4 Nh7 30. Rxa6 Rd2+ 31. Kg3 Rd7
32. Ra8+ Nf8 33. Re8 c6 34. e4 g6 35. Rc8 Kg7 36. Rxc6 g5 37. hxg5 hxg5 38.
Kg4 Ng6 39. Kxg5 Ne5 40. Rc8 Nxf3+ 41. Kf4 Nh4 42. Bd5 Ng6+ 43. Ke3 f5 44.
exf5 Rxd5 45. fxg6 Kxg6 46. c4 Rd1 47. Ke4 Kf7 48. Rc5 Ke6 49. Re5+ Kf6 50.
Rb5 Ke6 51. b4 Re1+ 52. Kd4 Kd6 53. c5+ Kc7 54. Rb6 Rd1+ 55. Kc4 Rc1+ 56.
Kb5 Rb1 57. Rh6 Rb2 58. Rh7+ Kb8 59. Ka5 Ka8 60. b5 Rg2 61. Kb6 Rg6+ 62. c6
Rg8 63. Ka6 Rc8 64. b6 1-0

[Event "36th Olympiad w"]
[Site "Calvia ESP"]
[Date "2004.10.26"]
[Round "11"]
[White "Mendoza,B"]
[Black "Chaves,Joa"]
[Result "1-0"]
[WhiteElo "2131"]
[BlackElo "2046"]
[EventDate "2004.10.15"]

1. e4 e5 2. Bc4 Nc6 3. Nc3 Nf6 4. d3 Na5 5. Bb3 Nxb3 6. axb3 d6 7. f4 Bg4
8. Nf3 exf4 9. Bxf4 Be7 10. O-O O-O 11. Qe1 Nd7 12. Qg3 Bh5 13. Nd5 Nc5 14.
b4 Ne6 15. Bd2 c6 16. Nxe7+ Qxe7 17. Bc3 a6 18. Nh4 Qg5 19. Qxg5 Nxg5 20.
Nf5 f6 21. Nxd6 Rab8 22. Rad1 Nf7 23. Nf5 Rfe8 24. Kf2 Nd6 25. h3 Rbd8 26.
d4 Nc4 27. g4 Bf7 28. b3 Nd6 29. e5 fxe5 30. dxe5 Nb5 31. Bb2 Rxd1 32. Rxd1
g6 33. Ng3 Nc7 34. Ne4 Rf8 35. Ke2 Nd5 36. Nf6+ Kg7 37. Nxd5 Bxd5 38. e6+
Kg8 39. e7 1-0

[Event "36th Olympiad w"]
[Site "Calvia ESP"]
[Date "2004.10.26"]
[Round "11"]
[White "Castillo,Di"]
[Black "Baptista,A"]
[Result "0-1"]
[WhiteElo "2043"]
[BlackElo "2042"]
[EventDate "2004.10.15"]

1. e4 d5 2. exd5 Qxd5 3. Nc3 Qa5 4. Bc4 Nf6 5. d3 c6 6. Nge2 Bg4 7. f3 Bf5
8. Ng3 Bg6 9. Bd2 Nbd7 10. Qe2 Qc7 11. Bb3 e6 12. a3 Bd6 13. Qf2 h5 14. Nf1
Nc5 15. Ba2 Qb6 16. b4 Ncd7 17. Be3 Qc7 18. Bb3 a5 19. b5 Nd5 20. bxc6 bxc6
21. Ne4 Bxe4 22. fxe4 Nxe3 23. Qxe3 Bf4 24. Qf2 a4 25. Bc4 Ne5 26. Nd2 Ng4
27. Qc5 Be3 28. d4 Ra5 29. Qb4 Bf2+ 30. Ke2 Bxd4 31. Rab1 Ra8 32. Bxe6 fxe6
33. Qxd4 O-O 34. Nf3 Rfd8 35. Qc4 Qf4 0-1

[Event "36th Olympiad w"]
[Site "Calvia ESP"]
[Date "2004.10.26"]
[Round "11"]
[White "Starr,N"]
[Black "Mira,H"]
[Result "1/2-1/2"]
[WhiteElo "2191"]
[BlackElo "2158"]
[EventDate "2004.10.15"]

1. e4 e5 2. Nf3 Nc6 3. Nc3 Nf6 4. d4 exd4 5. Nxd4 Bb4 6. Nxc6 bxc6 7. Bd3
O-O 8. O-O d5 9. exd5 cxd5 10. Bg5 c6 11. Qf3 Bxc3 12. bxc3 h6 13. Bh4 g5
14. Bg3 Bg4 15. Qe3 Re8 16. Qd4 Ne4 17. Rfe1 c5 18. Qa4 Bd7 19. Qa3 Nxg3
20. hxg3 Rxe1+ 21. Rxe1 Qb6 22. c4 dxc4 23. Bxc4 Qb4 24. Qxb4 cxb4 25. Re7
Be8 26. Ba6 Ba4 1/2-1/2

[Event "36th Olympiad w"]
[Site "Calvia ESP"]
[Date "2004.10.26"]
[Round "11"]
[White "Kopinits,A"]
[Black "Khaziyeva,D"]
[Result "1-0"]
[WhiteElo "2114"]
[BlackElo "2100"]
[EventDate "2004.10.15"]

1. e4 d6 2. d4 e5 3. Nf3 Nf6 4. Nc3 Nbd7 5. Bc4 Be7 6. O-O O-O 7. Re1 c6 8.
a4 b6 9. Bg5 Re8 10. Bh4 h6 11. Bg3 Qc7 12. Nh4 Nf8 13. Qf3 Bg4 14. Qd3
Rad8 15. d5 cxd5 16. Nxd5 Nxd5 17. Bxd5 Be6 18. Nf5 Bxd5 19. Qxd5 Ne6 20.
c4 Bf8 21. f3 Rc8 22. b3 g6 23. Ne3 Nd4 24. b4 h5 25. Bf2 Bh6 26. Rac1 Red8
27. Rc3 Qd7 28. a5 Qa4 29. axb6 Qxb4 30. Rcc1 axb6 31. Rb1 Qa5 32. Qb7 Rb8
33. Qe7 Bxe3 34. Bxe3 Kg7 35. Bg5 Ne6 36. Qf6+ Kg8 37. Bh6 Qc5+ 38. Kh1 Rd7
39. h3 Kh7 40. Be3 Qc6 41. g4 Ng7 42. Rg1 Qxc4 43. Qg5 Qe6 44. Rg3 h4 45.
Qxh4+ Kg8 46. Rgg1 d5 47. Rgc1 d4 48. Bg5 f5 49. gxf5 gxf5 50. Rg1 Rd6 51.
Ra1 Rf8 52. Be7 Rc8 53. Bxd6 Qxd6 54. Qg5 Qd7 55. Qxf5 Qxf5 56. exf5 Kf8
57. f6 Ne6 58. Rab1 Rc6 59. Rbe1 Kf7 60. Rxe5 Kxf6 61. Rb5 d3 62. Rd5 Nf4
63. Rd8 Nxh3 64. Kg2 Nf4+ 65. Kg3 Ne2+ 66. Kf2 Nc1 67. Ke1 Kf5 68. Kd2 Rc2+
69. Kd1 Na2 70. Rxd3 Rf2 71. Ra3 Kf4 1-0

[Event "36th Olympiad w"]
[Site "Calvia ESP"]
[Date "2004.10.26"]
[Round "11"]
[White "Goutor,V"]
[Black "Sommer,S"]
[Result "0-1"]
[WhiteElo "2013"]
[BlackElo "2043"]
[EventDate "2004.10.15"]

1. e4 e5 2. Nf3 Nc6 3. Bb5 a6 4. Ba4 Nf6 5. O-O Be7 6. Re1 b5 7. Bb3 d6 8.
c3 O-O 9. h3 Nb8 10. d4 Nbd7 11. Nbd2 Bb7 12. Bc2 c5 13. d5 c4 14. Nf1 g6
15. Ng3 Ne8 16. Bh6 Ng7 17. Qd2 Bc8 18. Nh2 Nf6 19. Kh1 Nfe8 20. f4 f5 21.
Nf3 fxe4 22. Bxe4 exf4 23. Bxf4 Nf6 24. Re2 Nxe4 25. Nxe4 Bxh3 26. gxh3 Nh5
27. Nd4 Nxf4 28. Rh2 Qd7 29. Rf1 Nxd5 30. Rxf8+ Rxf8 31. Ng5 Nf4 32. h4 Qg4
33. Ngf3 Nh5 34. Qf2 Qe4 35. Qe2 d5 36. Qxe4 dxe4 37. Ng5 Bxg5 38. hxg5
Ng3+ 39. Kg2 Nf5 40. Ne2 Rd8 41. Kf1 Rd2 42. b3 Rxa2 43. bxc4 bxc4 44. Rh3
a5 45. Nf4 a4 46. Nd5 Kf7 47. Rxh7+ Ke6 48. Nf4+ Kd6 49. Nxg6 Ng3+ 50. Ke1
e3 0-1

[Event "36th Olympiad w"]
[Site "Calvia ESP"]
[Date "2004.10.26"]
[Round "11"]
[White "Cast,A"]
[Black "Bashkite,V"]
[Result "1/2-1/2"]
[WhiteElo "2082"]
[BlackElo "2206"]
[EventDate "2004.10.15"]

1. d4 d5 2. c4 e6 3. Nc3 c6 4. cxd5 exd5 5. Qc2 Nf6 6. Bg5 Be7 7. e3 O-O 8.
Bd3 Nbd7 9. Nge2 Re8 10. O-O Ne4 11. Bf4 Nef6 12. Nb5 Rf8 13. Bc7 Qe8 14.
Nd6 Bxd6 15. Bxd6 Ne4 16. Bxf8 Nxf8 17. Ng3 f5 18. Rae1 Qg6 19. f3 Nxg3 20.
hxg3 Qxg3 21. Bxf5 Bxf5 22. Qxf5 Re8 23. Qh3 Qd6 24. Qh2 Qb4 25. g4 Re6 26.
Qf2 Ng6 27. f4 Re4 28. Kh1 Qe7 29. Rg1 Nh4 30. Qg3 Re6 31. Rgf1 Rg6 32. e4
dxe4 33. f5 Rh6 34. Kg1 Rd6 35. g5 Rxd4 36. Qxh4 Qc5 37. g6 hxg6 38. fxg6
Rd6+ 39. Rf2 Rxg6+ 40. Kf1 Qc4+ 41. Rfe2 Qf7+ 42. Rf2 Qc4+ 43. Rfe2 1/2-1/2

[Event "36th Olympiad w"]
[Site "Calvia ESP"]
[Date "2004.10.26"]
[Round "11"]
[White "Smith,O"]
[Black "Brokko Olde,M"]
[Result "1-0"]
[WhiteElo "1831"]
[BlackElo "2114"]
[EventDate "2004.10.15"]

1. e4 c5 2. Nf3 g6 3. d4 Bg7 4. Nc3 cxd4 5. Nxd4 d6 6. Be3 Nf6 7. h3 O-O 8.
Qd2 d5 9. exd5 Nxd5 10. Nxd5 Qxd5 11. c3 Nc6 12. Nf3 Be6 13. Qxd5 Bxd5 14.
Be2 e5 15. O-O f5 16. Rad1 Rad8 17. Bc5 Rfe8 18. Rxd5 Rxd5 19. Bc4 Red8 20.
Rd1 Nd4 21. cxd4 Kh8 22. Bxd5 Rxd5 23. Bxa7 e4 24. Ng5 Bf6 25. Ne6 Ra5 26.
Bc5 Rxa2 27. d5 Kg8 28. d6 Kf7 29. Nc7 Bd8 30. b4 Rc2 31. Nd5 Ke6 32. Bb6
Kd7 33. Bxd8 Kxd8 34. Nf6 h6 35. Ng8 Rc4 36. Nxh6 Kd7 37. Nf7 Rxb4 38. Ne5+
Kd8 39. d7 1-0

[Event "36th Olympiad w"]
[Site "Calvia ESP"]
[Date "2004.10.26"]
[Round "11"]
[White "Munoz,Do"]
[Black "Cima,R"]
[Result "1/2-1/2"]
[WhiteElo "1979"]
[BlackElo "2130"]
[EventDate "2004.10.15"]

1. e4 e5 2. Nf3 Nc6 3. Bc4 d6 4. d3 Be7 5. Nbd2 Nf6 6. O-O Na5 7. Re1 Nxc4
8. dxc4 O-O 9. h3 b6 10. Nf1 Be6 11. b3 Nd7 12. Ng3 f5 13. exf5 Bxf5 14.
Nxf5 Rxf5 15. Qd5+ Rf7 16. Bg5 Nf6 17. Bxf6 Bxf6 18. Rad1 Qf8 19. Nd2 Re8
20. Ne4 Qe7 21. Rd3 Qe6 1/2-1/2

[Event "36th Olympiad w"]
[Site "Calvia ESP"]
[Date "2004.10.26"]
[Round "11"]
[White "De la Cruz,M"]
[Black "Driza,A"]
[Result "1/2-1/2"]
[WhiteElo "2086"]
[BlackElo "2068"]
[EventDate "2004.10.15"]

1. d4 Nf6 2. c4 e6 3. Nc3 Bb4 4. Qc2 d5 5. e3 O-O 6. Bd2 Bxc3 7. bxc3 Ne4
8. Nf3 f5 9. cxd5 exd5 10. c4 Be6 11. Qb3 b6 12. cxd5 Qxd5 13. Qxd5 Bxd5
14. Bb4 c5 15. Ba3 Nd7 16. Bb5 Rfd8 17. O-O Nc3 18. Bxd7 Rxd7 19. dxc5 bxc5
20. Bxc5 Nxa2 21. Nd4 g6 22. Rfd1 Nc3 23. Rdc1 Ne4 24. Bb4 Rb7 25. Be1 Nd6
26. Rc5 Bf7 27. h3 Rc8 28. Rca5 Rcc7 29. Kh2 Nc4 30. Ra6 Ne5 31. Ba5 Rd7
32. Rc1 Bc4 33. Nc6 Bxa6 34. Nxe5 Re7 35. Nc6 Re8 36. Nd4 Bb5 37. Rc5 a6
38. Kg3 Rbb8 39. Rc7 Rec8 40. Re7 Rf8 41. Bc3 Rf7 42. Re6 Rc8 43. Bb2 Rb7
44. Rd6 Bc4 45. Ba3 Bb5 46. h4 Rd7 47. Rb6 Bf1 48. h5 Rxd4 49. exd4 Rc3+
50. Kf4 Rxa3 51. hxg6 Bxg2 52. gxh7+ Kxh7 53. Kxf5 Rf3+ 54. Ke5 Bf1 55. Rb2
Kg7 56. d5 Kf8 57. d6 Bb5 58. Ke6 Ke8 59. Rc2 Kd8 60. Ke5 Rh3 61. f4 Rh5+
62. f5 Bd3 63. Rf2 Kd7 64. Rf4 Rg5 65. Kf6 Rg3 66. Ke5 Re3+ 67. Kd4 Rh3 68.
f6 Bg6 69. f7 Bxf7 70. Rxf7+ 1/2-1/2

[Event "36th Olympiad w"]
[Site "Calvia ESP"]
[Date "2004.10.26"]
[Round "11"]
[White "Charmova,E"]
[Black "Elfelo,K"]
[Result "1-0"]
[WhiteElo "2047"]
[BlackElo "1884"]
[EventDate "2004.10.15"]

1. Nf3 c5 2. d3 Nf6 3. g3 e6 4. e4 d6 5. Bg2 Be7 6. O-O O-O 7. Re1 Nc6 8.
e5 Nd5 9. Nbd2 b5 10. exd6 Bxd6 11. c4 bxc4 12. dxc4 Ndb4 13. a3 Nd3 14.
Re3 Nxc1 15. Rxc1 Rb8 16. Qc2 Nd4 17. Qc3 Qb6 18. Rb1 a5 19. b3 Bb7 20. Ne5
Bxg2 21. Kxg2 Be7 22. f4 Rfd8 23. Kf2 Bf6 24. Ndf3 Nf5 25. Rd3 Nd6 26. Ke2
Ne4 27. Rxd8+ Rxd8 28. Qe3 Qb7 29. Rd1 Rxd1 30. Kxd1 h6 31. Kc2 Nd6 32.
Qxc5 Qe4+ 33. Kc1 Bxe5 34. Qxe5 Qd3 35. Ne1 Qe4 36. Qxd6 Qxe1+ 37. Qd1 Qc3+
38. Kb1 a4 39. Qc2 Qe1+ 40. Kb2 axb3 41. Kxb3 Qe3+ 42. Ka2 Qc5 43. a4 g5
44. Kb3 Qe3+ 45. Qc3 gxf4 46. Qxe3 fxe3 47. Kc3 Kf8 48. Kd3 Ke7 49. g4 Kd6
50. Kxe3 Kc5 51. a5 f6 52. Ke4 Kc6 53. Kf4 Kc5 54. h4 e5+ 55. Kf5 Kc6 56.
g5 hxg5 57. hxg5 fxg5 58. Kxg5 Kb7 59. Kf5 Ka6 60. Ke6 1-0

[Event "36th Olympiad w"]
[Site "Calvia ESP"]
[Date "2004.10.26"]
[Round "11"]
[White "Maeckelberg,M"]
[Black "Valickova,M"]
[Result "1/2-1/2"]
[WhiteElo "2020"]
[BlackElo "2076"]
[EventDate "2004.10.15"]

1. Nf3 Nf6 2. g3 b5 3. Bg2 Bb7 4. O-O e6 5. d4 d6 6. Nbd2 Be7 7. c4 bxc4 8.
Nxc4 Nbd7 9. b3 O-O 10. Bb2 Nb6 11. Rc1 Nxc4 12. Rxc4 d5 13. Rc2 1/2-1/2

[Event "36th Olympiad w"]
[Site "Calvia ESP"]
[Date "2004.10.27"]
[Round "12"]
[White "Javakhishvili,L"]
[Black "Zhao Xue"]
[Result "1/2-1/2"]
[WhiteElo "2423"]
[BlackElo "2487"]
[EventDate "2004.10.15"]

1. d4 Nf6 2. c4 e6 3. Nf3 b6 4. Bg5 Bb7 5. Nc3 Be7 6. e3 h6 7. Bh4 d5 8.
Bd3 Nbd7 9. O-O O-O 10. Qe2 a6 11. a4 c5 12. Rfd1 Re8 13. Bg3 cxd4 14. exd4
Nh5 15. cxd5 Nxg3 16. hxg3 exd5 17. Qc2 Bf6 18. Qb3 Nf8 19. Na2 Ne6 20. Bf1
h5 21. Nb4 Qd6 22. Rd2 g6 23. Rad1 Kg7 24. Nc2 Rac8 25. Nb4 Ra8 26. Nc2 Rh8
27. Ne3 Rae8 28. Nh4 Qd8 29. Be2 Ng5 30. Bf3 Ne4 31. Rc2 Re6 32. Bxe4 dxe4
33. d5 Rd6 34. Qb4 Kh7 35. Qxe4 Re8 36. Qf3 Kg8 37. b3 Bg5 38. Rcd2 Rf6 39.
Qe2 Rxf2 40. Kxf2 Bxe3+ 41. Qxe3 Rxe3 42. Kxe3 Qd6 43. Nf3 Qc5+ 44. Ke2 Qd6
45. Kf2 Kg7 46. Rd4 Kh6 47. R1d3 b5 48. Nd2 f5 49. axb5 axb5 50. b4 Bc8 51.
Nb3 Bd7 52. Nc5 Be8 53. Ne6 Bf7 54. Nf4 Bg8 55. Rc3 Qe5 56. Rdd3 h4 57. Rc6
Bxd5 58. Nxd5 hxg3+ 59. Rxg3 Qxd5 60. Rcxg6+ Kh7 61. Rg7+ Kh8 62. R7g5 Qd4+
63. Kf1 Qd1+ 64. Kf2 Qd4+ 65. Ke2 Qe4+ 66. Re3 Qc4+ 67. Kd1 Qd4+ 68. Ke2
Qc4+ 1/2-1/2

[Event "36th Olympiad w"]
[Site "Calvia ESP"]
[Date "2004.10.27"]
[Round "12"]
[White "Gara,A"]
[Black "Krush,I"]
[Result "1/2-1/2"]
[WhiteElo "2390"]
[BlackElo "2464"]
[EventDate "2004.10.15"]

1. e4 e5 2. Nf3 Nf6 3. Nxe5 d6 4. Nf3 Nxe4 5. d4 d5 6. Bd3 Nc6 7. O-O Be7
8. c4 Nf6 9. Nc3 O-O 10. cxd5 Nxd5 11. h3 Be6 12. Re1 a6 13. a3 Nf6 14. Bg5
h6 15. Bh4 Nd5 16. Bxe7 Ndxe7 17. Bc2 Bf5 18. Bb3 Qd6 19. d5 Na5 20. Ba2 b5
21. Qe2 Ng6 22. b4 Nb7 23. Nd4 Bd7 24. Ne4 Qb6 25. Qd2 a5 26. Nb3 axb4 27.
axb4 Nd6 28. Nec5 Rfd8 29. Nd4 Be8 30. Qc2 Nf4 31. Rad1 Nc4 32. Bb1 g6 33.
Qc1 Nxd5 34. Qxh6 Qf6 35. Re4 Nc3 36. Rh4 Rxd4 37. Rdxd4 Ne2+ 38. Kh2 Qe5+
39. Rdf4 Nxf4 40. Rxf4 Nd2 41. Ne4 Nxe4 42. Bxe4 Ra6 43. g3 Rf6 44. Rxf6
Qxf6 45. Qe3 Bc6 1/2-1/2

[Event "36th Olympiad w"]
[Site "Calvia ESP"]
[Date "2004.10.27"]
[Round "12"]
[White "Hunt,H"]
[Black "Skripchenko,A"]
[Result "1-0"]
[WhiteElo "2385"]
[BlackElo "2474"]
[EventDate "2004.10.15"]

1. e4 Nf6 2. e5 Nd5 3. d4 d6 4. Nf3 dxe5 5. Nxe5 c6 6. Be2 g6 7. O-O Bg7 8.
Nf3 Bg4 9. Re1 O-O 10. h3 Bxf3 11. Bxf3 Nd7 12. c4 N5b6 13. c5 Nc8 14. Nc3
e5 15. Be3 Ne7 16. d5 cxd5 17. Nxd5 Nf5 18. Rc1 Qh4 19. g3 Qd8 20. Qb3 Rc8
21. Qxb7 Nxe3 22. Qxc8 1-0

[Event "36th Olympiad w"]
[Site "Calvia ESP"]
[Date "2004.10.27"]
[Round "12"]
[White "Kovalevskaya,E"]
[Black "Srebrnic,A"]
[Result "1-0"]
[WhiteElo "2471"]
[BlackElo "2245"]
[EventDate "2004.10.15"]

1. e4 e5 2. Nf3 Nf6 3. Nc3 Bb4 4. Nxe5 O-O 5. Be2 Re8 6. Nd3 Bxc3 7. dxc3
Nxe4 8. Nf4 d6 9. O-O Nd7 10. c4 Ndc5 11. Be3 Bd7 12. Re1 Bc6 13. Nd5 Na4
14. Qd4 Nb6 15. Bd3 Bxd5 16. cxd5 Nc5 17. Bf1 Re4 18. Qd2 Qf6 19. b4 Ncd7
20. Bd3 Re5 21. Bd4 Rxe1+ 22. Rxe1 Qh4 23. c4 Ne5 24. Bxe5 dxe5 25. Qc2 Qg5
26. Bxh7+ Kh8 27. Be4 Rd8 28. Bf3 c6 29. h4 Qxh4 30. Rxe5 Qxc4 31. Rh5+ Kg8
32. Qh7+ Kf8 33. dxc6 Qc1+ 34. Kh2 Qf4+ 35. Kh3 bxc6 36. Qh8+ Ke7 37. Qxg7
Rd4 38. g3 Qd6 39. Rf5 Qe6 40. Qxd4 Qxf5+ 41. Kg2 Qb1 42. Qc5+ Kd8 43. Qd6+
1-0

[Event "36th Olympiad w"]
[Site "Calvia ESP"]
[Date "2004.10.27"]
[Round "12"]
[White "Krivec,J"]
[Black "Kosintseva,N"]
[Result "0-1"]
[WhiteElo "2214"]
[BlackElo "2446"]
[EventDate "2004.10.15"]

1. e4 c5 2. Nf3 d6 3. d4 cxd4 4. Nxd4 Nf6 5. Nc3 g6 6. Be2 Bg7 7. O-O O-O
8. Nb3 Nc6 9. Bg5 a6 10. f4 b5 11. Bf3 b4 12. Na4 Qc7 13. Rf2 a5 14. c3 Ba6
15. Nd4 Nxd4 16. cxd4 Rac8 17. e5 Ne8 18. Bg4 e6 19. a3 Qa7 20. b3 bxa3 21.
Rxa3 Nc7 22. Be7 Rfe8 23. Bxd6 Nb5 24. Bc5 Rxc5 25. Nxc5 Nxa3 26. Ra2 Bf8
27. Qc1 Nb5 28. Rxa5 Nxd4 29. Rxa6 Qxc5 30. Qxc5 Bxc5 31. b4 Bxb4 32. Ra4
Bc5 33. g3 Rb8 34. Rc4 Rb5 35. Kg2 h5 0-1

[Event "36th Olympiad w"]
[Site "Calvia ESP"]
[Date "2004.10.27"]
[Round "12"]
[White "Garcia Vicente,N"]
[Black "Fierro Baquero,M"]
[Result "1/2-1/2"]
[WhiteElo "2213"]
[BlackElo "2333"]
[EventDate "2004.10.15"]

1. d4 Nf6 2. c4 g6 3. Nc3 Bg7 4. Nf3 O-O 5. Bg5 d6 6. e3 Nbd7 7. h3 c6 8.
Be2 Qa5 9. O-O e5 10. Bh4 Re8 11. Rb1 Nf8 12. b4 Qc7 13. c5 exd4 14. cxd6
Qxd6 15. Nxd4 Ne6 16. Nxe6 Qxd1 17. Rfxd1 Bxe6 18. Rd2 Nd5 19. Nxd5 Bxd5
20. Bf3 Be6 21. b5 Rac8 22. bxc6 bxc6 23. Be2 Bc3 24. Rd6 Be5 25. Rd2 Bc3
26. Rd6 Bxa2 27. Rc1 Be5 28. Rdxc6 Rxc6 29. Rxc6 a5 30. Rc5 f6 31. Rxa5
1/2-1/2

[Event "36th Olympiad w"]
[Site "Calvia ESP"]
[Date "2004.10.27"]
[Round "12"]
[White "Vasquez Ramirez,R"]
[Black "Hernandez,Yu"]
[Result "0-1"]
[WhiteElo "2257"]
[BlackElo "2201"]
[EventDate "2004.10.15"]

1. e4 d6 2. d4 Nf6 3. Nc3 g6 4. Be3 c6 5. Qd2 b5 6. f3 Nbd7 7. g4 h6 8. d5
cxd5 9. Nxd5 a6 10. a4 bxa4 11. Qc3 Nxd5 12. exd5 Nf6 13. Rxa4 Bg7 14. Bb5+
Bd7 15. Bxd7+ Qxd7 16. Ra5 O-O 17. Qd2 Rfc8 18. Ne2 e6 19. dxe6 Qxe6 20.
Nd4 Qe7 21. O-O Kh7 22. Rfa1 Qb7 23. c3 Nd5 24. Bf2 Nb6 25. b3 Nd7 26. f4
Nc5 27. Qe1 Ne4 28. c4 Re8 29. Rd5 Nf6 30. Qa5 Nxd5 31. Qxd5 Qxd5 32. cxd5
Re4 33. Ra4 Rxf4 34. Nc6 Rxa4 35. bxa4 Re8 36. h3 Re2 37. Kf1 Rd2 38. Nb4
a5 39. Be3 axb4 0-1

[Event "36th Olympiad w"]
[Site "Calvia ESP"]
[Date "2004.10.27"]
[Round "12"]
[White "Gonzalez Perez,L"]
[Black "Rojas,Je"]
[Result "1-0"]
[WhiteElo "2152"]
[BlackElo "2082"]
[EventDate "2004.10.15"]

1. d4 Nf6 2. Nf3 g6 3. g3 Bg7 4. Bg2 d5 5. O-O O-O 6. Ne5 Bf5 7. c4 c6 8.
Nc3 dxc4 9. Nxc4 Qc8 10. e4 Bh3 11. Qe2 Bxg2 12. Kxg2 Rd8 13. Rd1 Na6 14.
a3 Nc7 15. Be3 Ne6 16. Rac1 Ne8 17. d5 N6c7 18. dxc6 bxc6 19. Na5 Ne6 20.
Nd5 Bf8 21. Nxc6 Qb7 22. Nxd8 Rxd8 23. b4 Nd6 24. f3 Bg7 25. a4 h5 26. b5
Be5 27. Qf2 Ra8 28. Nb4 Bg7 29. Nc6 a6 30. Na5 Qd7 31. b6 Qxa4 32. Nc6 Bf8
33. Rxd6 exd6 34. b7 1-0

[Event "36th Olympiad w"]
[Site "Calvia ESP"]
[Date "2004.10.27"]
[Round "12"]
[White "Hernandez,Ya"]
[Black "Llaneza Vega,P"]
[Result "0-1"]
[WhiteElo "2248"]
[BlackElo "2181"]
[EventDate "2004.10.15"]

1. Nf3 Nf6 2. c4 g6 3. Nc3 Bg7 4. d4 O-O 5. e4 d6 6. Be2 e5 7. Be3 Na6 8.
O-O Ng4 9. Bg5 Qe8 10. dxe5 dxe5 11. h3 f6 12. Bd2 Nh6 13. Qc1 Nf7 14. a3
Nc5 15. Qc2 c6 16. b4 Ne6 17. Be3 f5 18. Rad1 f4 19. Bc1 Qe7 20. Bb2 Neg5
21. c5 Nxf3+ 22. Bxf3 Qh4 23. Rd3 Be6 24. Nb1 Ng5 25. Nd2 Rad8 26. Rd6 h5
27. Qd3 Nf7 28. Rxd8 Rxd8 29. Qc3 Ng5 30. Nb3 Bg4 31. hxg4 Nxf3+ 32. Qxf3
hxg4 33. g3 Qg5 34. gxf4 exf4 35. Qe2 Qh4 36. Bxg7 f3 37. Qc4+ Kxg7 38.
Qc3+ Kg8 39. Qe5 Qh3 40. Qe6+ Kg7 41. Qe7+ Kh6 0-1

[Event "36th Olympiad w"]
[Site "Calvia ESP"]
[Date "2004.10.27"]
[Round "12"]
[White "Guerrero Rodriguez,Alej"]
[Black "Gutierrez Castillo,P"]
[Result "1/2-1/2"]
[WhiteElo "2102"]
[BlackElo "2119"]
[EventDate "2004.10.15"]

1. e4 e5 2. Nf3 Nc6 3. Bb5 Nf6 4. d4 Nxe4 5. O-O Nd6 6. Ba4 e4 7. Ne5 Be7
8. Nc3 O-O 9. Re1 Nxe5 10. dxe5 Nf5 11. Nxe4 d5 12. exd6 Nxd6 13. Bf4 Nxe4
14. Rxe4 Be6 15. Rd4 Qb8 16. c3 Bf6 17. Rd2 Rd8 18. Bd7 1/2-1/2

[Event "36th Olympiad w"]
[Site "Calvia ESP"]
[Date "2004.10.27"]
[Round "12"]
[White "Mamedjarova,Z"]
[Black "Koneru,H"]
[Result "0-1"]
[WhiteElo "2349"]
[BlackElo "2503"]
[EventDate "2004.10.15"]

1. d4 g6 2. Nf3 Bg7 3. e3 Nf6 4. Be2 O-O 5. O-O d5 6. c4 dxc4 7. Na3 c5 8.
Nxc4 Nc6 9. Nce5 Nxe5 10. Nxe5 cxd4 11. exd4 Be6 12. b3 Rc8 13. Bb2 Qa5 14.
Bc4 Bd5 15. Qe2 Rc7 16. Rfc1 Rfc8 17. Bc3 Qb6 18. h3 Qe6 19. Bb2 Bh6 20.
Re1 b5 21. Bd3 Qb6 22. Red1 a6 23. Ba3 Qb7 24. Ng4 Nxg4 25. Qxg4 b4 26. Bb2
a5 27. Re1 Bd2 28. Re2 Bc3 29. Bxc3 Rxc3 30. Rd1 Rc1 31. Ree1 Rxd1 32. Rxd1
Rc3 33. f3 a4 34. bxa4 Bxa2 35. a5 b3 36. a6 Qa7 37. Qe4 b2 38. Kh2 Qb8+
39. g3 Rxd3 40. a7 Qxa7 41. Qxd3 Qb6 42. Qa3 b1=Q 43. Rxb1 Bxb1 0-1

[Event "36th Olympiad w"]
[Site "Calvia ESP"]
[Date "2004.10.27"]
[Round "12"]
[White "Vijayalakshmi,S"]
[Black "Velikhanli,F"]
[Result "1-0"]
[WhiteElo "2411"]
[BlackElo "2322"]
[EventDate "2004.10.15"]

1. d4 d6 2. Nf3 Bg4 3. c4 c6 4. Nc3 Nd7 5. g3 e5 6. Bg2 Ngf6 7. O-O Be7 8.
h3 Bh5 9. Nh4 O-O 10. Nf5 Bg6 11. Nxe7+ Qxe7 12. b3 Rfe8 13. Ba3 e4 14. Kh2
h5 15. Rc1 Nf8 16. Qd2 Rad8 17. Nd1 Qd7 18. d5 c5 19. Bb2 Qe7 20. Rc3 b5
21. Re3 bxc4 22. bxc4 N8d7 23. f4 Bf5 24. Rb3 Nb6 25. Ne3 Bc8 26. Ra3 Rd7
27. Ba1 Rb7 28. Qc3 Qf8 29. Ra5 Ree7 30. Qa3 Nh7 31. g4 hxg4 32. hxg4 f6
33. Qc3 Qe8 34. Rh1 Qg6 35. Bh3 Qh6 36. Kg3 Qg6 37. Ra3 f5 38. g5 Nxg5 39.
Kf2 Nxh3+ 40. Rxh3 Rf7 41. Qe1 Kf8 42. Qh1 Ke8 43. Ng2 Rf6 44. Rag3 Qf7 45.
Rh8+ Ke7 46. Qh4 Kd7 47. Bxf6 1-0

[Event "36th Olympiad w"]
[Site "Calvia ESP"]
[Date "2004.10.27"]
[Round "12"]
[White "Shukurova,M"]
[Black "Mohota,N"]
[Result "1/2-1/2"]
[WhiteElo "2281"]
[BlackElo "2286"]
[EventDate "2004.10.15"]

1. e4 Nf6 2. e5 Nd5 3. d4 d6 4. c4 Nb6 5. exd6 exd6 6. Nc3 Be7 7. h3 Nc6 8.
Nf3 O-O 9. Be2 Bf5 10. O-O Bf6 11. Bf4 a6 12. Rc1 d5 13. Nxd5 Nxd5 14. cxd5
Qxd5 15. Rc5 Qe4 16. Bxc7 Rac8 17. Bb6 Rce8 18. Bc4 Nxd4 19. Nxd4 Bxd4 20.
Rxf5 Bxb6 21. Bd3 Qd4 22. Qb3 g6 23. Rf3 Re7 24. Bc4 Ba7 25. Rd1 Qc5 26.
Qd3 b5 1/2-1/2

[Event "36th Olympiad w"]
[Site "Calvia ESP"]
[Date "2004.10.27"]
[Round "12"]
[White "Djingarova,E"]
[Black "Socko,M"]
[Result "0-1"]
[WhiteElo "2327"]
[BlackElo "2439"]
[EventDate "2004.10.15"]

1. e4 e6 2. d4 d5 3. Nd2 Nf6 4. e5 Nfd7 5. f4 c5 6. c3 Nc6 7. Ndf3 cxd4 8.
cxd4 f5 9. a3 Nb6 10. Bd3 Be7 11. Ne2 Bd7 12. h4 a5 13. b3 Rc8 14. Bd2 O-O
15. Ng5 Na8 16. Qb1 Nc7 17. g4 h6 18. gxf5 exf5 19. Nf3 Rf7 20. Kf2 Qf8 21.
Qa2 Ne6 22. Rh2 Na7 23. Bxa5 Bb5 24. Bxb5 Nxb5 25. a4 Na3 26. Ne1 b5 27.
axb5 Nxb5 28. Nf3 Ra8 29. Qb2 Ba3 30. Qd2 Rb7 31. b4 Rc8 32. Rhh1 Rc4 33.
Rhb1 Qc8 34. Qd3 Rc2 35. Ne1 Rc4 36. Nf3 Rc2 37. Ne1 Rb2 38. Rc1 Rxe2+ 39.
Qxe2 Bxc1 40. Qf3 Nbxd4 41. Qxd5 Bxf4 42. Rd1 Rd7 43. Qa2 Bxe5 44. Bb6 Qc6
45. Bc5 Qb7 46. Qc4 Qe4 0-1

[Event "36th Olympiad w"]
[Site "Calvia ESP"]
[Date "2004.10.27"]
[Round "12"]
[White "Zielinska,Mar"]
[Black "Velcheva,M"]
[Result "1/2-1/2"]
[WhiteElo "2395"]
[BlackElo "2299"]
[EventDate "2004.10.15"]

1. b3 d5 2. Bb2 c5 3. e3 a6 4. f4 Nc6 5. Nf3 Nf6 6. g3 g6 7. Bg2 Bg7 8. Qe2
O-O 9. O-O Bf5 10. d3 Qd7 11. Nc3 Bg4 12. Na4 Qd6 13. h3 Bxf3 14. Qxf3 b5
15. Nc3 e6 16. Ne2 Rac8 17. e4 dxe4 18. dxe4 e5 19. Rad1 Qe7 20. f5 Nd4 21.
Nxd4 cxd4 22. Rf2 h6 23. Bf1 Rc6 24. Bd3 gxf5 25. Qxf5 Qd7 26. Rdf1 Qxf5
27. Rxf5 Ne8 28. Ba3 Nd6 29. Bxd6 Rxd6 30. a4 bxa4 31. bxa4 Rc6 32. h4 f6
33. g4 Rb8 34. g5 fxg5 35. hxg5 Rg6 36. Kg2 Rb4 37. a5 Ra4 38. Kf3 Rxa5
1/2-1/2

[Event "36th Olympiad w"]
[Site "Calvia ESP"]
[Date "2004.10.27"]
[Round "12"]
[White "Maric,A"]
[Black "Zhukova,N"]
[Result "1/2-1/2"]
[WhiteElo "2418"]
[BlackElo "2481"]
[EventDate "2004.10.15"]

1. d4 d5 2. c4 e6 3. Nf3 Nf6 4. Nc3 c6 5. e3 Nbd7 6. Qc2 Bd6 7. Bd3 O-O 8.
O-O dxc4 9. Bxc4 a6 10. Rd1 b5 11. Be2 Qc7 12. e4 e5 13. g3 Re8 14. a3 exd4
15. Nxd4 Be5 16. Be3 Bb7 17. Bf3 c5 18. Nde2 c4 19. a4 b4 20. Nd5 Nxd5 21.
exd5 Qd6 22. Nd4 Bxd4 23. Rxd4 Rac8 24. Rad1 c3 25. bxc3 Rxc3 26. Qb1 a5
27. Re4 Rd8 28. Bg2 Nc5 29. Rg4 Rxe3 30. fxe3 Nxa4 31. Rc4 g6 32. Rd2 Nc3
33. Qe1 Qb6 34. Rcd4 b3 35. Rb2 Nxd5 36. Qd1 a4 37. Bxd5 Rxd5 38. Rxd5
Qxe3+ 39. Rf2 b2 40. Rd8+ Kg7 41. Rd7 Be4 42. Rdxf7+ Kh6 43. Rxh7+ Kxh7 44.
Qd7+ Kh6 45. Qh3+ Kg7 46. Qd7+ 1/2-1/2